El debate sobre los territorios inteligentes : el caso del área metropolitana de Sevilla /

Los cambios profundos y rápidos que están experimentando las sociedades, las economías y las lógicas territoriales durante las últimas décadas, demandan nuevas lecturas e interpretaciones por parte de los investigadores y nuevas respuestas de los responsables públicos para poder hacer frente a los p...

Full description

Bibliographic Details
Main Author: Caravaca Barroso, Inmaculada
Other Authors: García García, Antonio
Format: Analitica de revista
Language:Spanish
Published: Santiago, Chile Pontificia Universidad Católica de Chile 2009
Subjects:

MARC

LEADER 00000cab a2200000 a 4500
001 032802
003 UAHC_CL
005 20170803123541.0
008 091120s2009 cl 000 spa
040 |a UAHC_CL  |c UAHC_CL  |d UAHC_CL 
100 1 |a Caravaca Barroso, Inmaculada 
245 1 3 |a El debate sobre los territorios inteligentes :  |b el caso del área metropolitana de Sevilla /  |c Inmaculada Caravaca Barroso, Antonio García García. 
260 |b Pontificia Universidad Católica de Chile  |c 2009  |a Santiago, Chile 
300 |a p. 23-45 
500 |a En: EURE (Santiago), abril. 2009, vol.35, no.105, p. 23-45. ISSN 0250-7161. 
510 0 |a MARQUEZ, Francisca. Imaginarios urbanos en el Gran Santiago: huellas de una metamorfosis. EURE (Santiago), ago. 2007, vol.33, no.99, p.79-88. ISSN 0250-7161. 
520 |a Los cambios profundos y rápidos que están experimentando las sociedades, las economías y las lógicas territoriales durante las últimas décadas, demandan nuevas lecturas e interpretaciones por parte de los investigadores y nuevas respuestas de los responsables públicos para poder hacer frente a los problemas y retos que ahora se perfilan. En este contexto general de referencia, el objetivo de este artículo es participar en el debate sobre el concepto de territorio inteligente, aunando la perspectiva economicista con aquella otra más ligada a la idea de desarrollo territorial integrado. Ello, a través del análisis de la evolución experimentada por el área metropolitana de Sevilla, realizado con esta doble mirada. 
520 |a Los cambios profundos y rápidos que están experimentando las sociedades, las economías y las lógicas territoriales durante las últimas décadas, demandan nuevas lecturas e interpretaciones por parte de los investigadores y nuevas respuestas de los responsables públicos para poder hacer frente a los problemas y retos que ahora se perfilan. En este contexto general de referencia, el objetivo de este artículo es participar en el debate sobre el concepto de territorio inteligente, aunando la perspectiva economicista con aquella otra más ligada a la idea de desarrollo territorial integrado. Ello, a través del análisis de la evolución experimentada por el área metropolitana de Sevilla, realizado con esta doble mirada. 
520 |a Los cambios profundos y r·pidos que est·n experimentando las sociedades, las economÌas y las lÛgicas territoriales durante las últimas dÈcadas, demandan nuevas lecturas e interpretaciones por parte de los investigadores y nuevas respuestas de los responsables públicos para poder hacer frente a los problemas y retos que ahora se perfilan. En este contexto general de referencia, el objetivo de este artÌculo es participar en el debate sobre el concepto de territorio inteligente, aunando la perspectiva economicista con aquella otra m·s ligada a la idea de desarrollo territorial integrado. Ello, a travÈs del an·lisis de la evoluciÛn experimentada por el ·rea metropolitana de Sevilla, realizado con esta doble mirada. 
650 4 |a ECONOMIA 
650 4 |a Territorio 
700 1 |a García García, Antonio 
700 1 |a García García, Antonio 
759 |a PP072 
773 0 |t EURE  |w 032794 
900 |a EURE-105/09 
942 |c REVA 
952 |0 0  |1 0  |4 0  |6 EURE_105_09_000000000000000  |7 0  |8 General  |9 63291  |a BC  |b BC  |c General  |d 2017-08-03  |l 0  |o EURE-105/09  |p FICTICIO3550  |r 2019-01-08 00:00:00  |t 1  |w 2017-08-03  |y REVA 
999 |c 32802  |d 32802